000 01356cam a2200265 4500
001 ABS68739
008 050304n2005 000 0 eng u
035 _a(Sirsi) u128941
245 _aHealth and safety: the state of play
260 _c2005
490 _aHealth and Safety Bulletin
_vMarch 2005, 11-24(14)
520 _aGives the "Health and Safety Bulletin's" latest biannual state of play table which reviews all HSC/E activity and other important actions in the period from 14 May 2004 to 1 February 2005. Only a small number of Regulations and Acts have reached the statute books during this time but there has been a greater amount of consultation that should make 2005 a busy one for regulations in this area. The tables include progress and comments on the various health and safety areas covering subjects such as asbestos, railway legislation and corporate social responsibility.
590 _aABS
650 _aMANAGEMENT-HEALTH AND SAFETY-HAZARDOUS SUBSTANCES-ASBESTOS
650 _aHEALTH AND SAFETY REGULATIONS
650 _aHEALTH AND SAFETY AT WORK
650 _aACCIDENTS
650 _aHAZARDOUS SUBSTANCES
650 _aCONSTRUCTION SAFETY
650 _aCORPORATE SOCIAL RESPONSIBILITY
650 _aMANAGEMENT-HEALTH AND SAFETY-FIRE SAFETY
650 _aRAILWAYS
690 _aHealth and safety
_96244
942 _n0
999 _c74877
_d74877